The register of Bath, or, Two hundred observations : containing an account of cures performed, and benefit received, by the vse of the famous hot waters of Bath, in the county of Somerset, as they, for the most part, came under the observation and knowledge of Thomas Guidott, physician there : being great part of this experience of the effects of the baths of Bath, for XXVII years last past.

Bibliographic Details
Main Author: Guidott, Thomas, fl. 1698
Format: eBook
Language:English
Published: London : Printed by F. Leach for the author, and are to be sold by Randal Taylor ..., 1694.
Series:Early English books online.
Subjects:
Online Access:Connect to the full text of this electronic book

MARC

Tag First Indicator Second Indicator Subfields
LEADER 00000nam a2200000Ia 4500
001 in00004292139
005 20200810081052.0
006 m g d
007 cr bn |||a|bb|
008 851125s1694 enk o 00| | eng d
035 |a (OCoLC)12845309 
040 |a EAA  |c EAA  |d m/c  |d WaOLN 
037 |a CL0037000021  |b ProQuest Information and Learning. 300 N. Zeeb Rd., Ann Arbor, MI 48106 
049 |a UMIA 
100 1 |a Guidott, Thomas,  |d fl. 1698. 
245 1 4 |a The register of Bath, or, Two hundred observations :  |b containing an account of cures performed, and benefit received, by the vse of the famous hot waters of Bath, in the county of Somerset, as they, for the most part, came under the observation and knowledge of Thomas Guidott, physician there : being great part of this experience of the effects of the baths of Bath, for XXVII years last past. 
260 |a London :  |b Printed by F. Leach for the author, and are to be sold by Randal Taylor ...,  |c 1694. 
300 |a 1 online resource ([8], 150 pages) 
336 |a text  |b txt  |2 rdacontent 
337 |a computer  |b c  |2 rdamedia 
338 |a online resource  |b cr  |2 rdacarrier 
500 |a Reproduction of original in Huntington Library. 
510 4 |a Wing  |c G2199A 
533 |a Electronic reproduction.  |b Ann Arbor, Mich. :  |c UMI,  |d 1999-  |f (Early English books online)  |n Digital version of: (Early English books, 1641-1700 ; 714:9)  |7 s1999 miun s 
650 0 |a Mineral waters  |z England  |z Bath  |v Early works to 1800. 
651 0 |a Bath (England)  |x History. 
740 0 |a Two hundred observations. 
830 0 |a Early English books online. 
856 4 0 |u http://proxy.library.tamu.edu/login?url=https://search.proquest.com/docview/2240851840  |z Connect to the full text of this electronic book  |t 0 
999 f f |s 9b75674e-da43-3f68-aec7-952f8d022e21  |i 387c1d15-f75e-3b99-92ca-e0e14dad38fc  |t 0 
952 f f |a Texas A&M University  |b College Station  |c Electronic Resources  |d Available Online  |t 0  |h No information provided 
998 f f |t 0  |l Available Online